MDQL
is popping MORE tags! Check the
thread
!
Quizzes
Events
Quiz Creation
Community
Videos
Private Events
Remove Ads
Sign In
Join for FREE
Feedback
Dark Mode
Quiz Categories
Sports
Geography
Music
Movies
Television
Just For Fun
Miscellaneous
History
Literature
Language
Science
Gaming
Entertainment
Religion
Holiday
For Kids
Quiz Lab
Recent
Popular Today
Quiz Kudos Today
Editor Picks
Curator Picks
Quizzes by...
Day
Popularity
Type
Ratings
Length
Year
Community
Subscriptions
Recent Discussions
Orange Saloon
Badges
Playlists
Quests
Create
Leaderboards
Showdown
Live 5
Trivia Bingo
Activity
Puzzle Library
Sporcle Events
Private Events
Virtual Trivia
Globe League
Become a Host
Pub Owners
SporcleCon
Opinionation
Our Games
Videos
Blog
Mobile Apps
Partnerships
Remove Ads and Go Orange
Feedback
Sports
Athletes
MLB
NBA
NHL
NFL
Soccer
Sports Teams
WWE
NCAA
Football
Premier League
Basketball
Baseball
Hockey
Golf
Tennis
Cricket
Rugby
Auto Racing
Olympics
World Cup
Sports
Athletes
MLB
NBA
NHL
NFL
Soccer
Sports Teams
WWE
NCAA
Football
Premier League
Basketball
Baseball
Hockey
Golf
Tennis
Cricket
Rugby
Auto Racing
Olympics
World Cup
Random Quiz
Search Sporcle
×
Quiz Lab
Quiz Lab
Sports
rumble
Type in answers that appear in a list
Type in answers that appear in a list
Classic
Best Score? Go Orange.
Every Surprise Entrant in the (Mens) Royal Rumble Stats
Can you name the Every Surprise Entrant in the Mens Royal Rumble?
By
jerseyjoker
10m
62 Questions
857 Plays
857 Plays
857 Plays
Comments
Comments
Give Quiz Kudos
Give Quiz Kudos
-
- Ratings
hide this ad
Replay
Link that replays current quiz
Next Quiz
Link to next quiz in quiz playlist
You Got
0%
They Got
Avg Score
49%
Avg Friend Score
Upgrade to see
Score Distribution
Jump to the score distribution portion of the page
Score
0/62
Timer
10:00
0
Plays Today
Hint
Answer
% Correct
2024
Andrade
90%
2020
Edge
89.9%
2023
Booker T
89.7%
2008
John Cena
86.5%
2011
Diesel
81.6%
2014
Kevin Nash
81.6%
2016
Triple H
81.2%
2010
Edge
78.5%
2018
Adam Cole
78.5%
2011
Booker T
76.5%
2012
Booker T
76.5%
1998
Mankind
76%
1998
Dude Love
76%
2004
Mick Foley
76%
2008
Mick Foley
76%
2012
Mick Foley
76%
2016
AJ Styles
75.8%
2013
Chris Jericho
75.7%
2012
Michael Cole
74.9%
2018
Rey Mysterio
74.1%
2021
Kane
73.3%
1997
Jerry Lawler
72.3%
2012
Jerry Lawler
70.7%
2017
Roman Reigns
70.2%
2021
Christian
70%
2024
Pat McAfee
70%
2022
Shane McMahon
69.9%
2008
Roddy Piper
69.2%
2015
Bubba Ray Dudley
69%
2008
Jimmy Snuka
66.6%
2020
MVP
65.9%
Hint
Answer
% Correct
2019
Jeff Jarrett
65%
2021
The Hurricane
62.8%
2009
Rob Van Dam
61.6%
2018
The Hurricane
61.6%
2001
Big Show
59.3%
2013
Goldust
58.5%
2019
Nia Jax
58.2%
2010
Beth Phoenix
57.9%
2014
JBL
57.8%
2019
Johnny Gargano
57.3%
2021
Carlito
57.1%
2012
Kharma
56.7%
2019
Kurt Angle
56.6%
2009
Jim Duggan
54.8%
2012
Jim Duggan
54.8%
2017
Tye Dillinger
54.2%
2022
Bad Bunny
53.2%
2015
Diamond Dallas Page
52.5%
2015
The Boogeyman
50.1%
2016
Sami Zayn
49.9%
1998
The Honky Tonk Man
49.8%
2001
The Honky Tonk Man
49.8%
2018
Andrade Almas
48.6%
2013
The Godfather
48.5%
2012
Road Dogg
47.4%
2019
Alister Black
46.5%
2000
Bob Backlund
46%
2001
Haku
44.5%
2019
Pete Dunne
41.3%
2014
Rusev
40.3%
2021
Damian Priest
38.9%
Quiz Playlist
Details
Report
Send in Message
Add To Playlist
Classic:
Type in answers that appear in a list
Last Updated: Jan 28, 2019
Quiz Scoreboard
CHALLENGE
Sign Up to Join the Scoreboard
Show All
Scores
Hide
Comments
May contain spoilers
Recently Published
Colored Red Africa Blitz
by spor1
Geography
30s
Find the 'City' Movie
by crazypaving
Movies
60s
5x2 Blitz: Bands
by SL_Kpop136
Music
30s
More to Explore
Quiz From the Vault
Featured Blog Post
14 Easter Pick-up Lines to Find Eggs With
hide this ad
You Might Also Like...
Tags
entrant
Royal
Royal Rumble
rumble
surprise
Today's Top Quizzes in Sports
Browse Sports
hide this ad
Today's Top Quizzes in rumble
Browse rumble
Top Contributed Quizzes in Sports
1
Players with Multiple 50 Home Run Seasons
2
Criteria MLB: Left Handed Sluggers
3
MLB Players with Two .350 Batting Average Seasons
4
Who Hit More Homers?
5
Premier League Clubs since 2000 (minefield)
6
Who Needs Fielders?
7
2020 F1 Drivers Logic Puzzle
8
Les entraîneurs de l'OM et du PSG au 21e siècle
9
Top 10 NHL Goal Scorers of All Time
10
MLB Hall of Famer by Rings
Explore More
Trending Topics
Marvel
Kpop
Disney
Crossword
NBA
Harry Potter
Anime
Country
WWE
Soccer
Pokémon
Song
NFL
Puzzle
The Office
hide this ad
More By:
jerseyjoker
Quiz
Plays
Rating
Category
Featured
Created
Every WWE/NXT Title Change during Asuka's Reign!
6,956
4.73
Sports
Aug 21, 2017
Match the Post-Credit Scene to the correct MCU Film!
5,413
4.69
Movies
Feb 16, 2018
Every Wrestler to Have a Match on a WWE and AEW PPV!
4,984
3.82
Sports
May 25, 2019
Match the Wrestling Quote to the Match!
4,568
4.57
Sports
Jun 29, 2019
From NXT Takeover to WWE WrestleMania
4,179
4.75
Sports
Apr 12, 2018
Go to Creator's Profile
Score Distribution
Quiz Creator Spotlight
jerseyjoker
Follow
Send a Message
Quizzes Created
-
Created Quiz Play Count
-
More By This Creator
Popular Quizzes Today
1
Find the 'City' Movie
2
5x2 Blitz: Bands
3
Colored Red Africa Blitz
4
Find the US States - No Outlines Minefield
5
The Countries of the World
6
Find the US States
7
9x9 Crossword: Cartoon Network
8
US States
More Sports Quizzes
Dallas Cowboys Yearly Passing Leaders
Curator's Pick
Trending Quizzes
Colored Red Europe Blitz I
Colored Red Africa Blitz II
Colored Red Africa Blitz III
Colored Red Europe Blitz III
Colored Red Europe Blitz II
Recently Updated
Champions League XIs: Real Madrid
pecheneg
Largest US Cities 1790-2010
pecheneg
Rides in Walt Disney World
pecheneg
Most Oscar Losses (Acting)
pecheneg
Beyoncé Albums
pecheneg
Leaping Animals
pecheneg
Reality TV Shows (A-Z)
bhenderson79
Rickey Henderson's Hall of Fame Teammates
pecheneg
Champions League XIs: Arsenal
pecheneg
Quick Pick: Celebrities in WWE's Hall of Fame
aduchscher
Trending Topics
NBA
Crossword
Kpop
Disney
Harry Potter
Marvel
Anime
Song
WWE
NFL
Pokémon
The Office
Country
Puzzle
Soccer
Your Account Isn't Verified!
In order to create a playlist on Sporcle, you need to verify the email address you used during registration. Go to your
Sporcle Settings
to finish the process.
Report this User
Report this user for behavior that violates our
Community Guidelines
.
Details:
Send Report
Go to the Sporcle.com Mobile Site →
Comments